|
|
|
|
| LEADER |
00000nam0a2200000 4500 |
| 001 |
141292 |
| 005 |
20231101220914.0 |
| 010 |
|
|
|a 5217011416
|
| 020 |
|
|
|a RU
|b 91-10443
|
| 035 |
|
|
|a (RuTPU)RU\TPU\book\153142
|
| 090 |
|
|
|a 141292
|
| 100 |
|
|
|a 20080807d1991 m y0rusy5003 ca
|
| 101 |
0 |
|
|a rus
|
| 102 |
|
|
|a RU
|
| 105 |
|
|
|a a j 001zy
|
| 200 |
1 |
|
|a Автоматизированные рабочие места руководителей и специалистов управления предприятием
|e учебное пособие
|f Б. А. Буренин, М. М. Любимов, А. С. Панфилов
|g Университет технического прогресса в машиностроении
|
| 210 |
|
|
|a Москва
|c Машиностроение
|d 1991
|
| 215 |
|
|
|a 64 с.
|c ил.
|
| 320 |
|
|
|a Библиогр.: с. 63.
|
| 610 |
1 |
|
|a машиностроение
|
| 610 |
1 |
|
|a руководители
|
| 610 |
1 |
|
|a специалисты
|
| 610 |
1 |
|
|a автоматизированные рабочие места
|
| 675 |
|
|
|a 658.310.322.4
|v 3
|
| 700 |
|
1 |
|a Буренин
|b Б. А.
|g Борис Александрович
|4 070
|
| 701 |
|
1 |
|a Любимов
|b М. М.
|g Михаил Митрофанович
|
| 701 |
|
1 |
|a Панфилов
|b А. С.
|g Александр Сергеевич
|
| 712 |
0 |
2 |
|a Университет технического прогресса в машиностроении
|2 stltpush
|3 (RuTPU)RU\TPU\col\8721
|9 24571
|
| 801 |
|
0 |
|a RU
|b RuMRKP
|c 19950417
|g psbo
|
| 801 |
|
1 |
|a RU
|b 63413507
|c 20080807
|g PSBO
|
| 801 |
|
2 |
|a RU
|b 63413507
|c 20081015
|g PSBO
|
| 942 |
|
|
|c BK
|